石川県の市町村(1960年) - Statistics

General Stats
  • This quiz has been taken 45 times
  • The average score is 38 of 43
Answer Stats
No. 市町村 備考 % Correct
1 金沢市
100%
2 七尾市
100%
3 小松市
97%
4 輪島市
97%
5 珠洲市
97%
7 羽咋市
97%
16 石川郡 野々市町 2011年昇格
97%
22 河北郡 津幡町
97%
6 加賀市
94%
9 能美郡 根上町 2005年消滅
94%
10 能美郡 寺井町 2005年消滅
94%
12 能美郡 川北村 1980年昇格
94%
13 石川郡 松任町 1970年昇格
94%
31 羽咋郡 志賀町
94%
40 鳳至郡 門前町 2005年消滅
94%
11 能美郡 辰口町 2005年消滅
91%
15 石川郡 鶴来町 2005年消滅
91%
23 河北郡 高松町 2004年消滅
91%
27 河北郡 内灘村 1962年昇格
91%
39 鳳至郡 穴水町
91%
8 江沼郡 山中町 2005年消滅
88%
14 石川郡 美川町 2005年消滅
88%
25 河北郡 宇ノ気町 2004年消滅
88%
29 羽咋郡 富来町 2005年消滅
88%
41 鳳至郡 能都町 2005年消滅
88%
17 石川郡 河内村 2005年消滅
84%
19 石川郡 鳥越村 2005年消滅
84%
21 石川郡 白峰村 2005年消滅
84%
33 鹿島郡 田鶴浜町 2004年消滅
84%
36 鹿島郡 鹿島町 2005年消滅
84%
37 鹿島郡 能登島町 2004年消滅
84%
42 鳳至郡 柳田村 2005年消滅
84%
18 石川郡 吉野谷村 2005年消滅
81%
20 石川郡 尾口村 2005年消滅
81%
26 河北郡 森本町 1962年消滅
81%
30 羽咋郡 志雄町 2005年消滅
81%
32 羽咋郡 押水町 2005年消滅
81%
35 鹿島郡 中島町 2004年消滅
81%
43 珠洲郡 内浦町 2005年消滅
81%
24 河北郡 七塚町 2004年消滅
78%
34 鹿島郡 鳥屋町 2005年消滅
78%
38 鹿島郡 鹿西町 2005年消滅
78%
28 羽咋郡 高浜町 1970年消滅
72%
No matching quizzes found
Score Distribution
Percent of People with Each Score
Percentile by Number Answered
Your Score History
You have not taken this quiz